000 00738nam a2200265Ia 4500
008 160803s9999 xx 000 0 und d
020 _a9780516247830
100 _aVenezia, Mike
245 _aJane Goodall /
245 _cby Jo S. Kittinger.
260 _aNew York :
260 _bScholastic Inc.
260 _c2010
300 _a 24 pages :
300 _bcolor illustrations ;
300 _c21 cm.
440 _aScholastic news nonfiction readers.
650 _aChimpanzees -- Research --
650 _aGoodall, Jane, -- 1934- --
650 _aPrimatologists -- England -- Biography --
650 _xJuvenile literature.
650 _xJuvenile literature.
650 _xJuvenile literature.
700 _a960
999 _c299330
_d299330